[Event "Petrolina Cordioli Memorial op"]
[Site "Petrolina"]
[Date "2007.10.18"]
[Round "1"]
[White "Schade, Matheus Heinrich Mo"]
[Black "Souza, Clara Cristiane Mig"]
[Result "0-1"]
[WhiteElo "1800"]
[BlackElo "1798"]
[PlyCount "25"]
[EventDate "2007.10.09"]
[EventType "swiss"]
[EventRounds "7"]
[EventCountry "BRA"]
[SourceTitle "EXT 2022"]
[Source "ChessBase"]
[SourceDate "2021.10.06"]
[SourceVersion "1"]
[SourceVersionDate "2021.10.06"]
[SourceQuality "1"]

1. e4 e5 2. Bc4 Bc5 3. Qh5 g6 4. Qxe5+ Ne7 5. Qxh8+ Ng8 6. Qxg8+ Ke7 7. Qxf7+ Kd6 8. e5+ Kxe5 9. Nf3+ Kd6 10. Qd5+ Ke7 11. d4 Bxd4 12. Bg5+ Ke8 13. Qf7# 0-1